Návrhy automatizovaných zařízení. 1 : Cvičení

Guardado en:
Detalles Bibliográficos
Autores principales: Bayer, Jiří (Autor), Bílek, Jan (Autor), John, Jan (Autor)
Formato: Libro
Lenguaje:checo
Publicado: Praha : České vysoké učení technické v Praze, 1978
Etiquetas: Agregar Etiqueta
Sin Etiquetas, Sea el primero en etiquetar este registro!

MARC

LEADER 00000nam a22000003a 4500
001 stu95097
005 20150617225813.9
008 050720s1978------------------------cze-d
040 |a STU  |b slo 
041 0 |a cze 
080 |a 681.3 
080 |a 621.374.32(075.8) 
100 1 |a Bayer, Jiří  |4 aut 
245 1 |a Návrhy automatizovaných zařízení. 1 :  |b Cvičení 
260 |a Praha :  |b České vysoké učení technické v Praze,  |c 1978 
300 |a 235 s 
700 1 |a Bílek, Jan  |4 aut 
700 1 |a John, Jan  |4 aut 
996 |b E54231  |c E*54231  |l EE04  |s P  |a 0  |w stu95097_0001